|
|
|
|
| LEADER |
00000cam a2200000 7i4500 |
| 001 |
0000003841 |
| 005 |
20110722.0 |
| 090 |
0 |
0 |
|a R THE 634.92
|b NOR 2010
|
| 100 |
0 |
0 |
|a Nor Asiah binti Mohamad Nor
|
| 245 |
0 |
0 |
|a Comparism of time study on current and extended technique of directional felling
|c by Nor Asiah binti Mohamad Nor
|
| 260 |
0 |
0 |
|a Serdang, Selangor :
|b Universiti Pertanian Malaysia ,
|c 2010
|
| 300 |
|
|
|a x, 56 p. :
|b .iil ;
|c 30 cm.
|
| 500 |
0 |
0 |
|a Bibliography : p. 45
|
| 500 |
0 |
0 |
|a Thesis: Bac. of Forestry Science, Universiti Pertanian Malaysia (2010)
|
| 650 |
0 |
0 |
|a Current technique
|
| 650 |
0 |
0 |
|a Extended technique
|
| 998 |
|
|
|a JPSM
|
| 999 |
|
|
|a 007657
|b Thesis
|c Reference
|e Default branch
|